| 000 | 01187nam a2200313 a 4500 | ||
|---|---|---|---|
| 001 | BRCA_8679 | ||
| 005 | 20190320210351.0 | ||
| 008 | 081216s1851----u--a######---#000-0#eng-# | ||
| 041 | _aeng | ||
| 044 | _au | ||
| 050 | 4 |
_aE404 _b.N43 _c1851 |
|
| 100 | 1 |
_aNebel, Carl _921647 |
|
| 245 | 1 | 0 |
_aThe war between the united states and mexico illustrated _bembracing pictorial drawings of all the principal conflicts _cby Carl Nebel ; il. Geo Wilkins Kendall |
| 260 |
_aNew York _bD. appleton & company _c1851 |
||
| 300 |
_a52 p. _blam.,col. _c60 cm |
||
| 500 | _aFondo antiguo | ||
| 500 | _aSe encuentra en Caja Fuerte | ||
| 500 | _aW-12/B-88/R-26 | ||
| 500 | _aIncluye prefacio | ||
| 500 | _aContiene 12 láminas a color y 1 mapa | ||
| 500 | _aTexto impreso en dos columnas | ||
| 500 | _aNota de encuadernación: mestiza, la tapa se encuentra desprendida del lomo | ||
| 506 | 0 | _aFondo reservado: para su consulta es necesario credencial de usuario y carta de motivos | |
| 650 | 1 | 4 |
_aGuerra _eTrabajos pictóricos _y1846-1848 _zMéxico _921648 |
| 650 | 1 | 4 |
_aLitografía _eAmericana _ySiglo XIX _921649 |
| 700 | 1 |
_aWilkins Kendall, Geo _eil. _921650 |
|
| 902 | _aLAR | ||
| 942 |
_2lcc _cB |
||
| 999 |
_c8336 _d8336 |
||